Consumers’ perception towards organic food in some selected areas of bangladesh / (Record no. 16739)

MARC details
000 -LEADER
fixed length control field 01086nam a22002537a 4500
001 - CONTROL NUMBER
control field BD-DhSAU 7469
003 - CONTROL NUMBER IDENTIFIER
control field BD-DhSAU
005 - DATE AND TIME OF LATEST TRANSACTION
control field 20230408123116.0
008 - FIXED-LENGTH DATA ELEMENTS--GENERAL INFORMATION
fixed length control field 150422b2006 bg ||||| m||m 00| 0 eng d
040 ## - CATALOGING SOURCE
Original cataloging agency BD-DhSAU
082 ## - DEWEY DECIMAL CLASSIFICATION NUMBER
Edition number 22
Classification number 630.715
Item number Ak79
100 ## - MAIN ENTRY--PERSONAL NAME
Personal name AKTER, TAHMINA
Relator term Registration No. # 19-10377
245 ## - TITLE STATEMENT
Title Consumers’ perception towards organic food in some selected areas of bangladesh /
Remainder of title MS thesis
260 ## - PUBLICATION, DISTRIBUTION, ETC. (IMPRINT)
Place of publication, distribution, etc. Sher-e- Bangla Agricultural University:
Name of publisher, distributor, etc. Department of Agricultural Extension & Information System,
Date of publication, distribution, etc. 2021.
300 ## - PHYSICAL DESCRIPTION
Extent vi, 53 p.:
Other physical details 30 cm.
500 ## - GENERAL NOTE
General note MS thesis of Department of Agricultural Extension and Information System, Faculty of Agriculture, Sher-e-Bangla Agricultural University, Dhaka, Bangladesh
590 ## - Name of Cataloguer
Name of Cataloger Namul
650 ## - SUBJECT ADDED ENTRY--TOPICAL TERM
Topical term or geographic name as entry element consumers’ perception
650 ## - SUBJECT ADDED ENTRY--TOPICAL TERM
Topical term or geographic name as entry element organic food
700 ## - ADDED ENTRY--PERSONAL NAME
Personal name Assist. Prof. MD MASUM ABDULLAH
Relator term Superviser
700 ## - ADDED ENTRY--PERSONAL NAME
Personal name Assist.Prof. TANUSHREE MONDAL
Relator term Co-Superviser
856 ## - ELECTRONIC LOCATION AND ACCESS
Uniform Resource Identifier <a href="http://archive.saulibrary.edu.bd:8080/xmlui/handle/123456789/4859">http://archive.saulibrary.edu.bd:8080/xmlui/handle/123456789/4859</a>
942 ## - ADDED ENTRY ELEMENTS (KOHA)
Source of classification or shelving scheme Dewey Decimal Classification
Koha item type MS Level Thesis
Holdings
Withdrawn status Lost status Source of classification or shelving scheme Damaged status Not for loan Collection code Home library Branch Name Date acquired Total Checkouts Full call number Barcode Date last seen Price effective from Koha item type
    Dewey Decimal Classification   Not For Loan Reference SAU Library SAU Library 08/04/2023   630.715 Ak79 44530 08/04/2023 08/04/2023 MS Level Thesis